000 01225nam a22002537a 4500
005 20170124103133.0
010 _aB-158096
020 _c250.00
_a8170163897
035 _aB-158096
037 _bCen Lib/Ret
040 _aDPL
_bHN
082 _a827
_bजोशीम
100 _aजोशी, मनोहर श्याम
_942923
245 _aप्रिनिधि व्यंग्य रचनाएँ उस देश का यारों क्या कहना /
_cमनोहर श्याम जोशी
246 _aPrtinidhi vyangy rachnayen us desh ka yaron kya kahna
_bby Manohar Shyam Joshi
260 _aनई दिल्ली
_bकिताबघर प्रकाशन
_c2004
270 _a24, अंसारी रोड दरिया गंज
_bनई दिल्ली
_e110002
300 _a248पृष्ठ.
_c20सेमी(सजिल्द)
650 _aहिंदी साहित्य
_984724
650 _aव्यंग्यात्मक रचनाएँ - हिंदी
_984725
650 _ahindi literature
_984726
650 _aSatirical compositions - Hindi
_984727
942 _2ddc
_cHN
_h827
_mजोशीम
999 _c119403
_d119403